| 000 | 00392nam a2200145Ia 4500 | ||
|---|---|---|---|
| 008 | 230917s9999||||xx |||||||||||||| ||und|| | ||
| 040 |
_e208056 _aMAIN |
||
| 041 | _aEnglish | ||
| 082 | _a005.74 D141R | ||
| 100 | _aPage, A J | ||
| 245 | 0 | _aRelational databases: Concepts, selection and implementation | |
| 260 |
_aNew Delhi _bGalgotia Publications _c1991 |
||
| 300 | _a230 p. | ||
| 942 | _cBK | ||
| 999 |
_c167640 _d167640 |
||